000 00373nam a2200121Ia 4500
008 190216s9999||||xx |||||||||||||| ||und||
100 _aCareer Stuy Centre
245 0 _aDictionary Of Career Publictions And Occupational Literature In India
260 _bCentral Institute For Research &training
_c1979
300 _a54p
650 _aCareer Dictionary
942 _cREF
999 _c35836
_d35836